000 00427nmm a2200145Ia 4500
008 251105s9999||||xx |||||||||||||||||und||
041 _aspa
100 _aEspinoza Valenzuela, Gilda
245 0 _aLa vida es dinámica
264 _a[Santiago de Chile, Chile] :
_bRil editores,
_c2024
300 _a250 páginas
650 _aLatin American poetry
856 _uhttps://public.digitaliapublishing.com/a/172306
942 _cCF
999 _c106924
_d106924